| 000 | 00591nam a2200205Ia 4500 | ||
|---|---|---|---|
| 003 | GCL | ||
| 008 | 140319s9999 xx 000 0 eng d | ||
| 040 |
_aGCL / _cGCL |
||
| 082 | 0 | 4 |
_a928 _bE M |
| 100 | 1 | _aMAHMAD FAWZI ABDEL AZIZ | |
| 245 | 1 | 0 |
_aECHOES OF AN AUTOBIOGRAPHY / _cMAHMAD FAWZI ABDEL AZIZ |
| 700 | 1 | _aNAGUIB MAHFOUZ | |
| 700 | 1 | _aJOHNSON, DAVIES - DENEYS | |
| 260 |
_a[S.N] : _bTHE AMERICAN UNIVERSITY IN CAIRO PRESS ، _c1997 |
||
| 300 | _a118 P | ||
| 650 | 0 | 4 | _aARABIC LITERATURE |
| 650 | 0 | 4 | _aNAGUIB MAHFOUZ |
| 650 | 0 | 4 | _aAUTOBIOGRAPHY IN LITERATURE |
| 942 |
_2ddc _cBK |
||
| 999 |
_c14442 _d14442 |
||